| 000 | 01449nam0a2200313 4500 | ||
|---|---|---|---|
| 001 | RU\NLR\bibl\8910 | ||
| 005 | 20260607062047.0 | ||
| 021 |
_aRU _b98-11054 _9521 |
||
| 035 | _a(NLR Aleph) 000008709 | ||
| 090 |
_a27951 _c27951 |
||
| 100 | _a19981130d1997 |||y0rusy50 ca | ||
| 101 | 0 | _arus | |
| 102 | _aRU | ||
| 105 | _aa ||||||||| | ||
| 200 | 1 |
_aАлександровский дворец _e[Очерк _fАвт. текста: И. Ботт, В. Файбисович _gГос. музей-заповедник "Цар. Село"] |
|
| 210 |
_aБ.м. _cZiMiX _d1997 |
||
| 215 |
_a17 с. _cил., цв. ил., портр. _d21 |
||
| 320 | _aБиблиогр. в подстроч. примеч. | ||
| 607 |
_aАлександровский дворец-музей _xАрхитектура _92378360 _3RU\NLR\auth\661419152 |
||
| 686 | _aЩ113(2Р=Рус)92Петербург9Пушкин | ||
| 700 | 1 |
_4070 _7ca _8rus _aБотт _bИ. К. _gИраида Куртовна _9117199 _3RU\NLR\auth\777262 |
|
| 701 | 1 |
_4070 _7ca _8rus _aФайбисович _bВ. М. _gВиктор Михайлович _9117200 _3RU\NLR\auth\777263 |
|
| 712 | 0 | 2 |
_4570 _a"Царское Село", государственный музей-заповедник _cПушкин, Санкт-Петербург _9386700 _3RU\NLR\AUTH\889945637 |
| 801 | 0 |
_aRU _bNLR _c19981130 _gPSBO |
|
| 801 | 1 |
_aRU _bNLR _c19981130 |
|
| 852 |
_aNLR _j98-6/345 |
||
| 942 | _cBOOK | ||
| 980 | _aNB | ||